Statistics for Oscar Winners - Tile Selection Quiz

Click here to take the quiz!

General Stats

  • This quiz has been taken 44 times
    (42 since last reset)
  • The average score is 73 of 96

Answer Stats

QuestionTileSelect% Correct
Best ActressJennifer AnistonNo
100%
Best Supporting ActorMark WahlbergNo
100%
Best ActressMeryl StreepYes
100%
Best PictureAmerican SniperNo
97%
Best Supporting ActorEddie MurphyNo
97%
Best ActressJennifer LopezNo
97%
Best ActressMadonnaNo
97%
Best ActorWoody HarrelsonNo
97%
Best ActorEdward NortonNo
94%
Best DirectorGreta GerwigNo
94%
Best ActorJack NicholsonYes
94%
Best ActressJodie FosterYes
94%
Best ActorMarlon BrandoYes
94%
Best ActressNaomi WattsNo
94%
Best Supporting ActorSylvester StalloneNo
94%
Best PictureAmerican HustleNo
91%
Best ActressBarbra StreisandYes
91%
Best Supporting ActressCherNo
91%
Best ActorDaniel Day-LewisYes
91%
Best ActressHalle BerryYes
91%
Best ActorJames DeanNo
91%
Best Supporting ActorJohnny DeppNo
91%
Best ActressKatharine HepburnYes
91%
Best ActressMarilyn MonroeNo
91%
Best PictureAmerican GraffitiNo
89%
Best ActressJennifer LawrenceYes
89%
Best DirectorMartin ScorseseYes
89%
Best ActressMichelle WilliamsNo
89%
Best ActorOrson WellesNo
89%
Best ActorRobert De NiroYes
89%
Best ActressAudrey HepburnYes
86%
Best Supporting ActorBradley CooperNo
86%
Best PictureChinatownNo
86%
Best Supporting ActorDev PatelNo
86%
Best DirectorGeorge LucasNo
86%
Best Supporting ActressKeira KnightleyNo
86%
Best PictureThe GodfatherYes
86%
Best ActressAngelina JolieNo
83%
Best Supporting ActorHeath LedgerYes
83%
Best DirectorMel BrooksNo
83%
Best PictureThe King's SpeechYes
83%
Best ActorDustin HoffmanYes
80%
Best PictureJawsNo
80%
Best Supporting ActorMark RuffaloNo
80%
Best DirectorSteven SpielbergYes
80%
Best ActorHenry FondaYes
77%
Best Supporting ActressJessica ChastainNo
77%
Best PictureLa La LandNo
77%
Best Supporting ActressMargot RobbieNo
77%
Best Supporting ActorMichael CaineYes
77%
Best Supporting ActorMorgan FreemanYes
77%
Best ActorRobert RedfordNo
77%
Best Supporting ActressScarlett JohanssonNo
77%
Best ActorCary GrantNo
74%
Best DirectorCharlie ChaplinNo
74%
Best Supporting ActorJavier BardemYes
74%
Best PictureNo Country for Old MenYes
74%
Best Supporting ActressOprah WinfreyNo
74%
Best Picture12 Years a SlaveYes
71%
Best PictureAmerican BeautyYes
71%
Best PictureGood Will HuntingNo
71%
Best PictureParasiteYes
71%
Best PictureBlack SwanNo
69%
Best ActressCherYes
69%
Best Supporting ActorJoe PesciYes
69%
Best DirectorKathryn BigelowYes
69%
Best ActressMarion CotillardYes
69%
Best DirectorRoman PolanskiYes
69%
Best ActorSidney PoitierYes
69%
Best Supporting ActorJohn MalkovichNo
63%
Best Supporting ActorMahershala AliYes
63%
Best Supporting ActressMarisa TomeiYes
63%
Best Supporting ActressMeryl StreepYes
63%
Best ActorNicolas CageYes
63%
Best DirectorPeter JacksonYes
63%
Best PictureThe Hurt LockerYes
63%
Best DirectorWoody AllenYes
63%
Best Supporting ActressAngelina JolieYes
60%
Best Supporting ActorJared LetoYes
60%
Best Supporting ActressOctavia SpencerYes
60%
Best Supporting ActorBrad PittYes
57%
Best Supporting ActressNicole KidmanNo
57%
Best ActorPaul NewmanYes
57%
Best PictureRockyYes
57%
Best Supporting ActressViola DavisYes
57%
Best DirectorAlfred HitchcockNo
54%
Best DirectorBong Joon-hoYes
54%
Best DirectorIngmar BergmanNo
54%
Best Supporting ActressJennifer HudsonYes
54%
Best DirectorJohn FordYes
54%
Best Supporting ActressPenélope CruzYes
54%
Best Supporting ActressLaura DernYes
51%
Best DirectorMel GibsonYes
51%
Best ActorJack LemmonYes
43%
Best Supporting ActressMo'NiqueYes
37%
Best DirectorElia KazanYes
34%

Score Distribution

Percentile by Number Answered

Percent of People with Each Score

Your Score History

You have not taken this quiz since the last reset